Countries Closest to Guinea - One Minute Sprint - Statistics

General Stats
  • This quiz has been taken 24 times
  • The average score is 16 of 20
Answer Stats
km country miles % Correct
0 Guinea-Bissau 0
94%
0 Mali 0
94%
947 Benin 589
89%
267 Burkina Faso 166
89%
74 Gambia 46
89%
540 Ghana 336
89%
0 Liberia 0
89%
280 Mauritania 174
89%
1001 Niger 622
89%
1137 Nigeria 706
89%
875 Togo 543
89%
996 Cabo Verde 619
83%
0 Senegal 0
83%
1657 Morocco 1030
78%
0 Sierra Leone 0
78%
1831 Cameroon 1138
72%
0 Côte d'Ivoire 0
72%
1409 Algeria 875
61%
1684 Spain 1046
39%
965 Western Sahara 600
22%
No matching quizzes found
Score Distribution
Percent of People with Each Score
Percentile by Number Answered
Your Score History
You have not taken this quiz